Renewables, Electric Power Transaction and The Electricity Act 2023 (Record no. 43629)
[ view plain ]
| 003 - CONTROL NUMBER IDENTIFIER | |
|---|---|
| control field | 0199003 |
| 005 - DATE AND TIME OF LATEST TRANSACTION | |
| control field | 20250904130802.0 |
| 008 - FIXED-LENGTH DATA ELEMENTS--GENERAL INFORMATION | |
| fixed length control field | 250904b |||||||| |||| 00| 0 eng d |
| 020 ## - INTERNATIONAL STANDARD BOOK NUMBER | |
| International Standard Book Number | 978-0991-974535 |
| 040 ## - CATALOGING SOURCE | |
| Transcribing agency | Nile University of Nigeria ,Abuja. |
| Description conventions | rda |
| 050 ## - LIBRARY OF CONGRESS CALL NUMBER | |
| Classification number | KP 107 .O5 |
| 082 ## - DEWEY DECIMAL CLASSIFICATION NUMBER | |
| Classification number | KP 107 .O5 |
| 100 ## - MAIN ENTRY--PERSONAL NAME | |
| Personal name | Oni , Ayodele Dr. |
| Dates associated with a name | 2023 |
| 245 ## - TITLE STATEMENT | |
| Title | Renewables, Electric Power Transaction and The Electricity Act 2023 |
| 260 ## - PUBLICATION, DISTRIBUTION, ETC. (IMPRINT) | |
| Place of publication, distribution, etc | Nigeria |
| Name of publisher, distributor, etc | Eclectix |
| Date of publication, distribution, etc | 2023 |
| 264 ## - PUBLICATION, DISTRIBUTION, ETC. (IMPRINT) | |
| Place of publication, distribution, etc | Nigeria |
| Name of publisher, distributor, etc | Eclectix |
| Date of publication, distribution, etc | 2023 |
| 300 ## - PHYSICAL DESCRIPTION | |
| Other physical details | 554 pg,. 30 CM. |
| 336 ## - CONTENT TYPE | |
| Source | rdacontent |
| 338 ## - CARRIER TYPE | |
| Source | rdacarrier |
| 650 ## - SUBJECT ADDED ENTRY--TOPICAL TERM | |
| Topical term or geographic name as entry element | Electricity Act |
| 942 ## - ADDED ENTRY ELEMENTS (KOHA) | |
| Source of classification or shelving scheme | Library of Congress Classification |
| Koha item type | Books |
| Withdrawn status | Lost status | Source of classification or shelving scheme | Damaged status | Not for loan | Permanent Location | Current Location | Shelving location | Date acquired | Total Checkouts | Total Renewals | Full call number | Barcode | Date last seen | Date checked out | Price effective from | Koha item type |
|---|---|---|---|---|---|---|---|---|---|---|---|---|---|---|---|---|
| Library of Congress Classification | Law Library | Law Library | Items on shelf | 08/04/2025 | KP 107 . O5 | 0199004 | 09/04/2025 | 09/04/2025 | Books | |||||||
| Library of Congress Classification | Law Library | Law Library | Items on shelf | 08/04/2025 | KP 107 . O5 | 0199005 | 09/04/2025 | 09/04/2025 | Books | |||||||
| Library of Congress Classification | Law Library | NILE UNIVERSITY OF NIGERIA - MAIN LIBRARY | Items on shelf | 08/04/2025 | 1 | 3 | KP 107 . O5 | 0199003 | 02/09/2026 | 10/14/2025 | 09/04/2025 | Books |